Départements français par numéro de A à Z - Statistiques

Statistiques générales
  • Ce quiz a été pris 1 386 fois
  • Le résultat moyen est 16 sur 20
Statistiques - réponses
Lettres Codes Départements % Correct
A 01 Ain
99%
M 972 Martinique
90%
P 75 Paris
90%
Y 78 Yvellines
90%
B 13 Bouches-du-Rhône
89%
R 69 Rhône
88%
F 29 Finistère
87%
E 91 Essonne
85%
J 39 Jura
85%
H 34 Hérault
83%
T 81 Tarn
83%
G 33 Gironde
82%
I 38 Isère
82%
V 84 Vaucluse
79%
N 59 Nord
78%
O 60 Oise
78%
D 25 Doubs
74%
S 80 Somme
66%
C 18 Cher
64%
L 46 Lot
56%
Aucun quiz correspondant
Distribution des résultats
% des personnes avec chaque résultat
Percentile par nombre de réponses
Votre historique - résultats
Vous n’avez pas pris ce quiz